00884nas a2200229Ia 4500001001600000003001000016008004100026040002500067041001300092100001800105210002400123222002400147245004900171250001100220260000900231501012300240300001300363362003700376500020700413650002300620700001100643A10/R170-41775 IT-MiCISF161014c99999999xx |||||||||||| ||und|| aIT-MiCISFcIT-MiCISF aITALIANO aRuspi Walter  aVia verità e vita aVia verità e vita 0aCatechesi rinnovata nello stile catecumenale a1a ed. c2005 bCISF - Centro Internazionale Studi Famiglia - Via Giotto, 36 20145 MILANO (non commercial uses only)cCopyright 2016 app. 2-76 an. 205, novembre-dicembre [2005] aDerroitte H., Currò S., Venturi G., Montisci U., Ruta G., Attanasio M.R., Pongolini M., Sartor P., Serra A., Zerbo M.R., Magrì S., Annichiarico V. Tema: pastorale-giovanile, catechesi, chiesa-locale aPASTORALEvrivista aAA.VV.